000 00647nam a2200205 i 4500
001 37571
003 ES-MaACL
005 20241215063019.0
007 t|
008 030221s1985 sp ||||1| spa d
020 _a84-85422-56-2
100 1 _aBueno, Gustavo,
_d1924-2016
_9160678
245 1 3 _aEl animal divino
_b: ensayo de una filosofía materialista de la religión /
_cGustavo Bueno.
260 _aOviedo :
_bPentalfa,
_c1985.
300 _a309 p. :
_bil. ;
_c22 cm.
490 1 _aColección El basilisco
830 0 _aColección El basilisco
_9181724
852 _aES-MaACL
_jL-8969
_bR.110601
999 _c37571
_d37571